Agricultura tropical / (Registro nro. 17219)
[ vista simple ]
| 000 -CABECERA | |
|---|---|
| Campo de control | 00957nas a2200265 a 4500 |
| 005 - FECHA Y HORA DE LA ULTIMA TRANSACCION | |
| Campo de control | 20170201090731.0 |
| 008 - ELEMENTOS DE LONGITUD FIJA—INFORMACION GENERAL | |
| Campo de control | 881109c19459999ck mrzp r 0 0b0spa d |
| 022 ## - ISSN | |
| ISSN | 0365-2793 |
| 040 ## - FUENTE DE CATALOGACIÓN | |
| Agencia catalogadora original | CO-BoBLA |
| Agencia transcriptora | CO-BoBLA |
| 041 0# - IDIOMA | |
| Código de idioma para texto/pista de sonido o título separado | Español |
| 044 ## - PAÍS DE PUBLICACIÓN | |
| País de publicación | Colombia |
| 090 ## - CLASIFICACIÓN LOCAL | |
| Colección | SE |
| 245 00 - MENCION DE TITULO | |
| Título | Agricultura tropical / |
| Mención de responsabilidad | Organo de la Asociación Colombiana de Ingenieros Agrónomos. |
| 246 33 - FORMA VARIANTE DEL TITULO | |
| Título propiamente dicho/forma breve del título | Nueva agricultura tropical |
| 260 ## - PUBLICACION, DISTRIBUCION, ETC. (PIE DE IMPRENTA) | |
| Lugar de publicación, distribución, etc. | Bogotá : |
| Nombre del editor, distribuidor, etc. | Asociación Colombiana de Ingenieros Agrónomos, |
| Fecha de publicación, distribución, etc. | 1945- |
| 300 ## - DESCRIPCION FISICA | |
| Otros detalles físicos | ilustraciones ; |
| Dimensiones | 22 cm. |
| 310 ## - FRECUENCIA ACTUAL DE LA PUBLICACIÓN | |
| Frecuencia actual de la publicación | Mensual |
| 500 ## - NOTA GENERAL | |
| Nota general | Incluye índices por volúmenes. |
| 650 26 - ASIENTO SECUNDARIO DE MATERIA - TERMINO TEMATICO | |
| Término temático o nombre geográfico como elemento de entrada | Agricultura |
| Subdivisión geográfica | Colombia |
| Subdivisión de forma | Publicaciones seriadas. |
| 9 (RLIN) | 78572 |
| 650 26 - ASIENTO SECUNDARIO DE MATERIA - TERMINO TEMATICO | |
| Término temático o nombre geográfico como elemento de entrada | Ganadería |
| Subdivisión geográfica | Colombia |
| Subdivisión de forma | Publicaciones seriadas |
| 9 (RLIN) | 78573 |
| 651 #4 - ASIENTO SECUNDARIO DE MATERIA - NOMBRE GEOGRAFICO | |
| Nombre geográfico | Bogotá (Colombia) |
| Subdivisión de forma | Publicaciones seriadas |
| 9 (RLIN) | 78574 |
| 651 #4 - ASIENTO SECUNDARIO DE MATERIA - NOMBRE GEOGRAFICO | |
| Nombre geográfico | Colombia |
| Subdivisión de forma | Publicaciones seriadas |
| 9 (RLIN) | 78575 |
| 710 2# - ASIENTO SECUNDARIO - NOMBRE CORPORATIVO | |
| Nombre corporativo o de jurisdicción como elemento de entrada | Asociación Colombiana de Ingenieros Agrónomos |
| 9 (RLIN) | 78571 |
| 942 ## - ELEMENTOS ADICIONALES (KOHA) | |
| Sistema de clasificación | Local |
| Tipo de ítem | Periodica o revista |
| Serial record | 1 |
| Withdrawn status | Lost status | Sistema de Clasificación | Damaged status | No para préstamo | Colección | Fecha publicación (Año) | Volumen revista | Número revista | Ubicación Permanente | Ubicación actual | Fecha de adquisición | Datos de publicación Seriada | Total Checkouts | Número topográfico | Inventario / Código de Barras | Date last seen | Ejemplar | Price effective from | Forma de adquisición | Tipo de material | Inventariado |
|---|---|---|---|---|---|---|---|---|---|---|---|---|---|---|---|---|---|---|---|---|---|
| Local | Hemeroteca | 1990 | 27 | 2 | Bogotá | Bogotá | 01/02/2017 | Vol 27, No 2 | SE | 022926 | 01/02/2017 | Ej. 1 | 01/02/2017 | Donación | Periodica o revista | ||||||
| Local | Hemeroteca | 1994 | 31 | 1 | Bogotá | Bogotá | 01/02/2017 | Vol 31, No 1 | SE | 005894 | 01/02/2017 | Ej. 1 | 01/02/2017 | Donación | Periodica o revista | Inventariado 2017 | |||||
| Local | Hemeroteca | 1992 | 29 | 2 | Bogotá | Bogotá | 01/02/2017 | Vol 29, No 2 | SE | 005892 | 01/02/2017 | Ej. 1 | 01/02/2017 | Donación | Periodica o revista | Inventariado 2017 | |||||
| Local | Hemeroteca | 1994 | 31 | 2 | Bogotá | Bogotá | 01/02/2017 | Vol 31, No 2 | SE | 022929 | 01/02/2017 | Ej. 1 | 01/02/2017 | Donación | Periodica o revista | Inventariado 2017 | |||||
| Local | Hemeroteca | 1992 | 29 | 1 | Bogotá | Bogotá | 01/02/2017 | Vol 29, No 1 | SE | 005899 | 01/02/2017 | Ej. 1 | 01/02/2017 | Donación | Periodica o revista | Inventariado 2017 | |||||
| Local | Hemeroteca | 1993 | 30 | 3 | Bogotá | Bogotá | 01/02/2017 | Vol 30, No 3 | SE | 005893 | 01/02/2017 | Ej. 1 | 01/02/2017 | Donación | Periodica o revista | Inventariado 2017 | |||||
| Local | Hemeroteca | 1994 | 31 | 3 | Bogotá | Bogotá | 01/02/2017 | Vol 31, No 3 | SE | 022930 | 01/02/2017 | Ej. 1 | 01/02/2017 | Donación | Periodica o revista | Inventariado 2017 | |||||
| Local | Hemeroteca | 1995 | 32 | 3 | Bogotá | Bogotá | 01/02/2017 | Vol 32, No 3 | SE | 005896 | 01/02/2017 | Ej. 1 | 01/02/2017 | Donación | Periodica o revista | Inventariado 2017 |